[Event "51st Groningen Open A 2013"]
[Site "Groningen NED"]
[Date "2013.12.28"]
[Round "7.39"]
[White "Berkovich, Mark A"]
[Black "Stavast, Dick"]
[Result "1-0"]
[WhiteTitle "IM"]
[WhiteElo "2366"]
[BlackElo "2066"]
[WhiteFideId "2801639"]
[BlackFideId "1014005"]
[EventDate "2013.12.21"]

1. d4 d6 2. Nf3 g6 3. e4 Bg7 4. c3 Nf6 5. Bd3 O-O 6. O-O Bg4 7. Nbd2 c5 8. dxc5
dxc5 9. Qc2 Nc6 10. h3 Bxf3 11. Nxf3 Qc7 12. Be3 Nd7 13. Rfe1 Rfd8 14. Bf1 Rac8
15. Rad1 a6 16. Nd2 b5 17. Nb3 c4 18. Nc5 Nxc5 19. Bxc5 Rxd1 20. Rxd1 Rd8 21. a4
Na5 22. Be3 Nb3 23. Be2 Rxd1+ 24. Qxd1 Qd6 25. Qxd6 exd6 26. Kf1 Nc5 27. axb5
axb5 28. f3 Na4 29. Bc1 g5 30. Bd1 h6 31. Bxa4 bxa4 32. Ke2 Be5 33. Kd1 Kf8 34.
Kc2 Ke7 35. Kb1 Kd7 36. Ka2 Kc6 37. Ka3 Kb5 38. Be3 Bf4 39. Bf2 Bc1 40. Bd4 h5
41. g3 Bd2 42. Bf2 Bc1 43. Ka2 Bd2 44. Ka3 Ka5 45. Ka2 Kb5 46. Ka1 a3 47. Kb1
Kc6 48. Ka1 Bc1 49. bxa3 Bxa3 50. Be3 f6 51. Bd4 Bc1 52. Bxf6 Kb5 53. Kb1 Be3
54. Kc2 Kc6 55. Bd4 1-0

[Event "51st Groningen Open A 2013"]
[Site "Groningen NED"]
[Date "2013.12.28"]
[Round "7.40"]
[White "Mollema, Thomas"]
[Black "Calzetta Ruiz, Monica"]
[Result "1-0"]
[BlackTitle "WGM"]
[WhiteElo "1977"]
[BlackElo "2234"]
[WhiteFideId "1034987"]
[BlackFideId "2204185"]
[EventDate "2013.12.21"]

1. e4 c5 2. c3 d5 3. exd5 Qxd5 4. d4 g6 5. Nf3 Bg7 6. Na3 Nf6 7. Bc4 Qe4+ 8. Be3
O-O 9. O-O Bg4 10. Ng5 Bxd1 11. Nxe4 Nxe4 12. Raxd1 cxd4 13. Bxd4 Nc6 14. Bxg7
Kxg7 15. Bd5 Nf6 16. Bxc6 bxc6 17. Rfe1 Rfd8 18. Kf1 e6 19. Nc4 Rd5 20. Ne3 Ra5
21. a3 Rb8 22. Re2 Rb3 23. Rd6 Rc5 24. f3 a5 25. Red2 Nd5 26. Nd1 Nb6 27. R6d4
Nc4 28. Rc2 e5 29. Re4 f5 30. Ree2 f4 31. Re4 Kf6 32. Ke1 h5 33. Nf2 Ne3 34.
Rxe3 1-0

[Event "51st Groningen Open A 2013"]
[Site "Groningen NED"]
[Date "2013.12.28"]
[Round "7.41"]
[White "Hulshof, Peter"]
[Black "Senders, Mischa"]
[Result "0-1"]
[WhiteElo "2215"]
[BlackElo "2058"]
[WhiteFideId "1003291"]
[BlackFideId "1038370"]
[EventDate "2013.12.21"]

1. e4 c5 2. Nc3 d6 3. g3 Nc6 4. Bg2 g6 5. d3 Bg7 6. f4 e6 7. Nf3 Nge7 8. O-O O-O
9. Be3 Nd4 10. e5 Bd7 11. Ne4 Nef5 12. Bf2 Nxf3+ 13. Qxf3 Bc6 14. Qe2 dxe5 15.
Bxc5 Re8 16. fxe5 Bxe5 17. c3 h5 18. Rf2 Qc7 19. d4 Bg7 20. Raf1 b6 21. Ba3 Bd5
22. Nd2 Bh6 23. Qd3 Be3 24. Kh1 Bxf2 25. Rxf2 Kg7 26. Bxd5 exd5 27. Rxf5 gxf5
28. Qxf5 Re6 29. Nf3 Rae8 30. Ng5 Rg6 31. h4 Re1+ 32. Kg2 Re2+ 33. Kf3 Rxb2 34.
c4 Rxa2 35. Bd6 Rxd6 36. Qh7+ Kf8 37. Qh8+ Ke7 38. Qe5+ Kd7 39. Qf5+ Kc6 40.
Nxf7 Ra3+ 41. Kg2 Kb7 42. Qxh5 Rxg3+ 43. Kxg3 Rg6+ 44. Kf3 Rf6+ 45. Ke3 Qg3+ 0-1

[Event "51st Groningen Open A 2013"]
[Site "Groningen NED"]
[Date "2013.12.28"]
[Round "7.44"]
[White "Zojer, Stefan"]
[Black "Hummel, Paul"]
[Result "1-0"]
[WhiteElo "2089"]
[BlackElo "2011"]
[WhiteFideId "1616455"]
[BlackFideId "1021168"]
[EventDate "2013.12.21"]

1. e4 c5 2. Nc3 g6 3. f4 Bg7 4. Nf3 Nc6 5. Bb5 Nd4 6. O-O Nxb5 7. Nxb5 Nh6 8. d3
O-O 9. f5 d5 10. Qe1 Ng4 11. Qg3 Nf6 12. Qh4 dxe4 13. dxe4 gxf5 14. e5 Ne4 15.
Nc3 e6 16. Qh5 Nxc3 17. bxc3 f6 18. Bf4 Qe8 19. Qh3 b6 20. Rad1 Bb7 21. exf6
Bxf6 22. Ne5 Rd8 23. Rfe1 Qe7 24. Rd3 Rxd3 25. cxd3 Rd8 26. Re3 Bxe5 27. Bxe5
Kf8 28. Qh6+ 1-0

[Event "51st Groningen Open A 2013"]
[Site "Groningen NED"]
[Date "2013.12.28"]
[Round "7.45"]
[White "Vos, Tjark"]
[Black "Den Hartog, Marijn"]
[Result "1-0"]
[WhiteElo "2085"]
[BlackElo "2025"]
[WhiteFideId "1020870"]
[BlackFideId "1046098"]
[EventDate "2013.12.21"]

1. e4 e6 2. d4 d5 3. Nd2 Nf6 4. e5 Nfd7 5. Bd3 c5 6. c3 Nc6 7. Ne2 cxd4 8. cxd4
f6 9. exf6 Nxf6 10. O-O Bd6 11. Nf3 Qc7 12. Bg5 O-O 13. Bh4 Nh5 14. Qc2 h6 15.
Bh7+ Kh8 16. Bg6 Rxf3 17. Bxh5 Rf8 18. Bg3 Bd7 19. Rad1 Be8 20. Bg4 Rf6 21. Nc3
a6 22. Na4 h5 23. Bxd6 Qxd6 24. Bh3 Nb4 25. Qc5 Qxc5 26. Nxc5 Nxa2 27. Bxe6 Bc6
28. Rfe1 Re8 29. Re5 b6 30. Bxd5 bxc5 31. Rxh5+ Rh6 32. Rxh6+ gxh6 33. Bxc6 Rd8
34. d5 Nb4 35. Rc1 Nd3 36. Ra1 Nxb2 37. Rxa6 c4 38. Ra1 Rb8 39. d6 c3 40. d7 Nd3
41. Ra8 Kg7 42. Rxb8 c2 43. Rg8+ Kxg8 44. d8=Q+ Kf7 45. Be8+ Ke6 46. Qc8+ 1-0

[Event "51st Groningen Open A 2013"]
[Site "Groningen NED"]
[Date "2013.12.28"]
[Round "7.47"]
[White "Dirksen, Marieke"]
[Black "Chernukhin, Alexander"]
[Result "1/2-1/2"]
[WhiteElo "2012"]
[BlackElo "2145"]
[WhiteFideId "1032160"]
[BlackFideId "24177199"]
[EventDate "2013.12.21"]

1. e4 d5 2. exd5 Qxd5 3. d4 Nf6 4. c4 Qd8 5. h3 c6 6. Nc3 Bf5 7. Be3 e6 8. Nf3
h6 9. Be2 Bd6 10. Qa4 Nbd7 11. Rd1 a6 12. Qb3 b5 13. c5 Bc7 14. Ne5 Bxe5 15.
dxe5 Nd5 16. Nxd5 exd5 17. Qc3 Qe7 18. Bd4 O-O 19. g4 Bh7 20. Qe3 Rfe8 21. f4 f6
22. e6 Qxe6 23. Qxe6+ Rxe6 24. Kd2 Be4 25. Rhg1 g5 26. fxg5 fxg5 27. Rdf1 Rae8
28. Rf2 Bg6 29. Bd3 Bxd3 30. Kxd3 Ne5+ 31. Bxe5 Rxe5 32. Rgf1 Re3+ 33. Kd2 a5
34. Rf6 Re2+ 35. Kd1 R2e6 36. R6f5 R8e7 37. Rf8+ Kg7 38. Ra8 Re2 39. Rff8 Rxb2
40. Rg8+ Kf6 41. Raf8+ Ke5 42. Rg6 Kd4 43. Rxc6 Rb1+ 44. Kc2 Rh1 45. Rf2 Rxh3
46. Rd2+ Kc4 47. Rd6 Kxc5 48. R6xd5+ Kc6 49. Rd6+ Kc7 50. Ra6 Re4 51. Rdd6 Rc4+
52. Kd2 Rh2+ 53. Kd3 Rxa2 54. Rxh6 Ra3+ 55. Kd2 Ra2+ 56. Kd3 Ra3+ 1/2-1/2

[Event "51st Groningen Open A 2013"]
[Site "Groningen NED"]
[Date "2013.12.28"]
[Round "7.50"]
[White "Go, Benjamin"]
[Black "Veltman, Anne"]
[Result "1-0"]
[WhiteElo "2140"]
[BlackElo "2052"]
[WhiteFideId "1014560"]
[BlackFideId "1026917"]
[EventDate "2013.12.21"]

1. e4 e6 2. Nf3 d5 3. Nc3 Bb4 4. e5 c5 5. Nb5 c4 6. c3 Bd7 7. cxb4 Bxb5 8. b3
Qc7 9. Bb2 Bc6 10. a4 a6 11. d3 c3 12. Bxc3 Bxa4 13. Qd2 Bb5 14. Nd4 Bd7 15. b5
Qxe5+ 16. Be2 Nf6 17. O-O O-O 18. Rfc1 h6 19. f4 Qc7 20. Bb4 Qd8 21. Bxf8 Kxf8
22. Qb4+ Kg8 23. bxa6 b6 24. a7 1-0

[Event "51st Groningen Open A 2013"]
[Site "Groningen NED"]
[Date "2013.12.28"]
[Round "7.51"]
[White "Hummel, Joop"]
[Black "Sandvik, Thomas"]
[Result "0-1"]
[WhiteElo "2006"]
[BlackElo "2083"]
[WhiteFideId "1012126"]
[BlackFideId "503231"]
[EventDate "2013.12.21"]

1. Nf3 Nf6 2. d4 c5 3. d5 b5 4. Bg5 Qb6 5. Bxf6 Qxf6 6. e4 Qxb2 7. Nbd2 g6 8.
Rb1 Qxa2 9. Bxb5 Qa5 10. O-O Qc7 11. e5 Bg7 12. d6 Qd8 13. Ne4 e6 14. Nxc5 O-O
15. Qd4 a5 16. Ba4 Na6 17. Nb7 Bxb7 18. Rxb7 Nb8 19. Qc4 Nc6 20. Bxc6 dxc6 21.
Qc5 a4 22. Nd4 Ra5 23. Qc4 Bxe5 24. Nxc6 Bxh2+ 25. Kxh2 Qxd6+ 26. Kg1 Rc5 27.
Qxa4 Qxc6 28. Qxc6 Rxc6 29. Rc1 Rfc8 30. Rb2 Kg7 31. Kf1 h5 32. Ke2 f5 33. Kd3
Rc3+ 34. Kd2 Kf6 35. Re1 R3c5 36. f4 Rc4 37. Rf1 h4 38. Rf3 Rd4+ 39. Ke2 Rcc4
40. c3 Rxf4 41. Rxf4 Rxf4 42. Kd3 e5 43. c4 Rd4+ 44. Kc3 Rd8 45. c5 f4 46. Kb4
g5 0-1

[Event "51st Groningen Open A 2013"]
[Site "Groningen NED"]
[Date "2013.12.29"]
[Round "8.2"]
[White "Bok, Benjamin"]
[Black "Michalik, Peter"]
[Result "1-0"]
[WhiteTitle "IM"]
[BlackTitle "GM"]
[WhiteElo "2540"]
[BlackElo "2577"]
[WhiteFideId "1017063"]
[BlackFideId "14907526"]
[EventDate "2013.12.21"]

1. e4 e5 2. Nf3 Nc6 3. Bb5 Nf6 4. d3 Bc5 5. c3 O-O 6. O-O d6 7. h3 Ne7 8. Ba4
Ng6 9. d4 Bb6 10. Re1 c6 11. Nbd2 Re8 12. Bc2 Bc7 13. Nf1 d5 14. Bg5 exd4 15.
cxd4 dxe4 16. Bxe4 h6 17. Qb3 hxg5 18. Bxg6 Nd5 19. Rxe8+ Qxe8 20. Re1 Qd8 21.
Bc2 g4 22. hxg4 Bxg4 23. Ne5 Bxe5 24. Rxe5 Qb6 25. Qd3 Nf6 26. Bb3 Rd8 27. Rg5
Bh5 28. Qf5 c5 29. dxc5 Qc6 30. Rxh5 Nxh5 31. Qxf7+ Kh8 32. Qxh5+ Qh6 33. Qf3
Qg5 34. Ne3 Re8 35. Qh3+ Qh6 36. Qxh6+ gxh6 37. Bd5 1-0

[Event "51st Groningen Open A 2013"]
[Site "Groningen NED"]
[Date "2013.12.29"]
[Round "8.3"]
[White "Stukopin, Andrey"]
[Black "Romanov, Evgeny"]
[Result "1/2-1/2"]
[WhiteTitle "IM"]
[BlackTitle "GM"]
[WhiteElo "2509"]
[BlackElo "2654"]
[WhiteFideId "24107131"]
[BlackFideId "4148843"]
[EventDate "2013.12.21"]

1. e4 e5 2. Nf3 Nc6 3. Bc4 Bc5 4. O-O Nf6 5. d4 Bxd4 6. Nxd4 Nxd4 7. f4 d6 8.
fxe5 dxe5 9. Bg5 Qe7 10. Na3 Rg8 11. Kh1 Bd7 12. Qe1 h6 13. Bxf6 gxf6 14. Qf2
Rg4 15. Rae1 Rf4 16. Qe3 Ne6 17. Bxe6 Bxe6 18. Rxf4 exf4 19. Qxf4 Qb4 20. Qc1
O-O-O 21. c3 Qb6 22. Nc2 Bxa2 1/2-1/2

[Event "51st Groningen Open A 2013"]
[Site "Groningen NED"]
[Date "2013.12.29"]
[Round "8.5"]
[White "Ernst, Sipke"]
[Black "Azaladze, Shota"]
[Result "1-0"]
[WhiteTitle "GM"]
[BlackTitle "IM"]
[WhiteElo "2566"]
[BlackElo "2482"]
[WhiteFideId "1004689"]
[BlackFideId "13603027"]
[EventDate "2013.12.21"]

1. d4 d6 2. g3 g6 3. Bg2 Bg7 4. Nf3 Nf6 5. O-O O-O 6. c4 Nc6 7. Nc3 a6 8. Bf4
Rb8 9. c5 Nd7 10. Rc1 h6 11. cxd6 cxd6 12. e4 e5 13. Be3 exd4 14. Nxd4 Nde5 15.
Nd5 Ne7 16. Nxe7+ Qxe7 17. h3 Bd7 18. Qd2 Rbc8 19. b3 Kh7 20. f4 Nc6 21. Ne2 f5
22. Rfd1 fxe4 23. Qxd6 Rf7 24. Qxe7 Rxe7 25. g4 a5 26. Ng3 Nb4 27. Rxc8 Bxc8 28.
Rd8 Bd7 29. Bc5 Rf7 30. Bxe4 Bc6 31. Bxb4 axb4 32. f5 Bxe4 33. Nxe4 gxf5 34. Nd6
Rc7 35. Nxf5 Be5 36. Rd5 Rc1+ 37. Kf2 Rc2+ 38. Kf3 Bc3 39. Rd7+ Kg6 40. Rd6+ Kf7
41. Nxh6+ Kf8 42. g5 Rxa2 43. Nf5 Rb2 44. g6 1-0

[Event "51st Groningen Open A 2013"]
[Site "Groningen NED"]
[Date "2013.12.29"]
[Round "8.6"]
[White "Kohlweyer, Bernd"]
[Black "Kovchan, Alexander"]
[Result "1/2-1/2"]
[WhiteTitle "IM"]
[BlackTitle "GM"]
[WhiteElo "2431"]
[BlackElo "2562"]
[WhiteFideId "4600622"]
[BlackFideId "14103052"]
[EventDate "2013.12.21"]

1. d4 Nf6 2. c4 g6 3. f3 d5 4. cxd5 Nxd5 5. e4 Nb6 6. Nc3 Bg7 7. Be3 O-O 8. Qd2
Nc6 9. O-O-O Qd6 10. Nb5 Qd7 11. Kb1 Rd8 12. d5 a6 13. Nc3 Na7 14. Bd3 Nb5 15.
Nge2 Nxc3+ 16. Nxc3 Na4 17. Nxa4 Qxa4 18. Qc2 Bd7 19. Bc4 Qxc2+ 20. Kxc2 c5 21.
dxc6 Bxc6 22. Rxd8+ Rxd8 23. b3 Be5 24. h3 Kg7 25. Rd1 Rxd1 26. Kxd1 f5 27. Bd3
Kf6 28. Ke2 h5 29. Bd2 f4 30. Bb4 b5 31. Bd2 g5 32. Bb4 Bd4 33. a4 Bd7 34. axb5
axb5 35. Kd1 g4 36. hxg4 hxg4 37. Ke2 e5 38. Kd1 Kf7 39. Be2 gxf3 40. gxf3 Kf6
41. Bf1 Bb6 1/2-1/2

[Event "51st Groningen Open A 2013"]
[Site "Groningen NED"]
[Date "2013.12.29"]
[Round "8.7"]
[White "Novikov, Stanislav"]
[Black "Javakhadze, Zurab"]
[Result "1-0"]
[WhiteTitle "GM"]
[BlackTitle "IM"]
[WhiteElo "2556"]
[BlackElo "2451"]
[WhiteFideId "4125371"]
[BlackFideId "13603647"]
[EventDate "2013.12.21"]

1. e4 e5 2. Nf3 Nc6 3. Bb5 a6 4. Bxc6 dxc6 5. O-O Ne7 6. Nxe5 Qd4 7. Qh5 g6 8.
Qg5 Bg7 9. Nf3 Qxe4 10. Re1 Qb4 11. b3 h6 12. Qg3 Be6 13. Ba3 Qa5 14. d4 g5 15.
Bxe7 Kxe7 16. Nbd2 Rad8 17. Nc4 Qc3 18. Rad1 Rhe8 19. Qxc7+ Rd7 20. Qb6 Kf8 21.
Qc5+ Kg8 22. Nd6 Qxc5 23. dxc5 Ree7 24. Nc8 Re8 25. Rxd7 Bxd7 26. Rxe8+ Bxe8 27.
Nd6 Bd7 28. Nxb7 Bc3 29. Kf1 Kf8 30. Nd6 Ke7 31. Ne4 Bb2 32. Ke2 f5 33. Ned2 Be6
34. Ne1 Be5 35. g3 h5 36. Nd3 Bc3 37. Nb1 Ba5 38. Ne5 Bd5 39. c4 Bg2 40. f3 Bc7
41. Nxc6+ Kf7 42. Kf2 Bh3 43. Nc3 f4 44. Nd5 1-0

[Event "51st Groningen Open A 2013"]
[Site "Groningen NED"]
[Date "2013.12.29"]
[Round "8.8"]
[White "Peng, Zhaoqin"]
[Black "Greenfeld, Alon"]
[Result "1/2-1/2"]
[WhiteTitle "GM"]
[BlackTitle "GM"]
[WhiteElo "2369"]
[BlackElo "2531"]
[WhiteFideId "1004786"]
[BlackFideId "2800039"]
[EventDate "2013.12.21"]

1. d4 e6 2. c4 b6 3. Nc3 Bb7 4. a3 f5 5. d5 Nf6 6. g3 Na6 7. Bg2 Nc5 8. Nh3 Bd6
9. O-O O-O 10. Qc2 Be5 11. Be3 Nce4 12. Nxe4 Nxe4 13. Rad1 Qf6 14. Bc1 exd5 15.
cxd5 Rae8 16. f3 Nd6 17. Bg5 Qf7 18. f4 Bf6 19. Qxc7 Bxg5 20. fxg5 Qe7 21. Qc1
Qxe2 22. Nf4 Qe3+ 23. Rf2 Ba6 24. Qxe3 Rxe3 25. Rc1 Bc4 26. Rf3 Rfe8 27. Kf2
Rxf3+ 28. Bxf3 a5 29. Rc3 a4 30. Re3 Kf7 31. Rxe8 Kxe8 32. Ke3 Ke7 33. Kd4 Bb3
34. Be2 Ne4 35. g6 hxg6 36. Nxg6+ Kf6 37. Ne5 Nc5 38. h4 d6 39. Nc6 Bc2 40. Bf3
Bd3 41. g4 fxg4 42. Bxg4 Ba6 43. Nb4 Bf1 44. Nc6 Nb3+ 1/2-1/2

[Event "51st Groningen Open A 2013"]
[Site "Groningen NED"]
[Date "2013.12.29"]
[Round "8.9"]
[White "Beukema, Stefan"]
[Black "Zakhartsov, Viacheslav V."]
[Result "0-1"]
[WhiteTitle "FM"]
[BlackTitle "GM"]
[WhiteElo "2280"]
[BlackElo "2555"]
[WhiteFideId "1024523"]
[BlackFideId "4115333"]
[EventDate "2013.12.21"]

1. f4 c5 2. Nf3 g6 3. g3 Bg7 4. Bg2 Nc6 5. O-O d6 6. e4 Nf6 7. d3 O-O 8. c3 Rb8
9. Nbd2 b5 10. Kh1 b4 11. d4 bxc3 12. bxc3 Ba6 13. e5 Bxf1 14. Qxf1 Nd5 15. Ne4
Qa5 16. Bd2 cxd4 17. cxd4 Qa4 18. Rc1 Rb6 19. Nc3 Nxc3 20. Bxc3 Nb4 21. Nd2 Nxa2
22. Ra1 Rc8 23. Ne4 Qc2 24. Ba5 Rb2 25. exd6 exd6 26. Nxd6 Rcb8 27. Re1 Bxd4 28.
Qf3 Nc3 29. f5 Rb1 30. Rf1 Qe2 31. Qxe2 Nxe2 32. fxg6 hxg6 33. Nxf7 Rxf1+ 34.
Bxf1 Nxg3+ 35. hxg3 Kxf7 36. Kg2 Kg7 37. Bc4 Rc8 38. Bd3 Bc3 39. Ba6 Rc6 40. Bb7
Rc5 41. Bd8 Bf6 0-1

[Event "51st Groningen Open A 2013"]
[Site "Groningen NED"]
[Date "2013.12.29"]
[Round "8.10"]
[White "Spoelman, Wouter"]
[Black "Van Foreest, Jorden"]
[Result "1-0"]
[WhiteTitle "GM"]
[WhiteElo "2585"]
[BlackElo "2326"]
[WhiteFideId "1010891"]
[BlackFideId "1039784"]
[EventDate "2013.12.21"]

1. d4 d5 2. c4 c6 3. Nc3 Nf6 4. Nf3 dxc4 5. a4 e6 6. e4 Bb4 7. e5 Nd5 8. Bd2 b5
9. axb5 Bxc3 10. bxc3 cxb5 11. Ng5 Nc6 12. Qh5 Qe7 13. h4 Bb7 14. Rh3 b4 15. Ne4
O-O 16. Bg5 f6 17. exf6 Nxf6 18. Nxf6+ gxf6 19. Bh6 Rf7 20. Bxc4 bxc3 21. Rxc3
Kh8 22. Rd1 Rg8 23. Kf1 Nb4 24. g3 a5 25. Re1 Nd5 26. Rc2 Qe8 27. Rce2 Re7 28.
Qxe8 Rgxe8 29. Ra2 Rc8 30. Bb3 Rc3 31. Rb1 Ba6+ 32. Kg1 Rb7 33. Rxa5 Nc7 34. Ba2
Kg8 35. Re1 Kf7 36. h5 Bb5 37. d5 exd5 38. Ra8 Ne6 39. Bxd5 Re7 40. Rf8# 1-0

[Event "51st Groningen Open A 2013"]
[Site "Groningen NED"]
[Date "2013.12.29"]
[Round "8.11"]
[White "Danielian, Elina"]
[Black "Pruijssers, Roeland"]
[Result "1/2-1/2"]
[WhiteTitle "GM"]
[BlackTitle "GM"]
[WhiteElo "2462"]
[BlackElo "2539"]
[WhiteFideId "13300210"]
[BlackFideId "1013068"]
[EventDate "2013.12.21"]

1. Nf3 d6 2. d4 g6 3. g3 Bg7 4. Bg2 f5 5. O-O Nf6 6. b3 O-O 7. Bb2 Ne4 8. Nbd2
Nc6 9. c4 Nxd2 10. Qxd2 e5 11. dxe5 dxe5 12. Qd5+ Kh8 13. Qxd8 Rxd8 14. Rad1
Rxd1 15. Rxd1 e4 1/2-1/2

[Event "51st Groningen Open A 2013"]
[Site "Groningen NED"]
[Date "2013.12.29"]
[Round "8.13"]
[White "Svane, Rasmus"]
[Black "De Jong, Migchiel"]
[Result "1-0"]
[WhiteTitle "IM"]
[BlackTitle "IM"]
[WhiteElo "2472"]
[BlackElo "2347"]
[WhiteFideId "4657101"]
[BlackFideId "1002848"]
[EventDate "2013.12.21"]

1. Nf3 c5 2. c4 Nc6 3. Nc3 g6 4. e3 Bg7 5. d4 d6 6. Be2 cxd4 7. exd4 Bg4 8. h3
Bxf3 9. Bxf3 Nh6 10. g4 O-O 11. Be3 f5 12. Bd5+ Kh8 13. Qd2 f4 14. Bxf4 Rxf4 15.
Qxf4 Nxd4 16. O-O-O Qb6 17. Rhe1 Rf8 18. Qe3 e6 19. Bxe6 Rxf2 20. Na4 Rc2+ 21.
Kb1 Qb4 22. Rxd4 Qxa4 23. Bd7 Rxb2+ 24. Kxb2 Qxc4 25. Rd1 Ng8 26. Kb1 Qc5 27.
Be6 Ne7 28. Bb3 Be5 29. Re4 1-0

[Event "51st Groningen Open A 2013"]
[Site "Groningen NED"]
[Date "2013.12.29"]
[Round "8.14"]
[White "Afek, Yochanan"]
[Black "Cernousek, Lukas"]
[Result "1/2-1/2"]
[WhiteTitle "IM"]
[BlackTitle "IM"]
[WhiteElo "2302"]
[BlackElo "2455"]
[WhiteFideId "2800462"]
[BlackFideId "311707"]
[EventDate "2013.12.21"]

1. e4 e6 2. d4 d5 3. e5 c5 4. c3 Nc6 5. Nf3 Qb6 6. a3 f6 7. Bd3 fxe5 8. dxe5 c4
9. Bc2 Nge7 10. O-O g6 11. Nbd2 Bg7 12. Qe2 O-O 13. b3 cxb3 14. Nxb3 Qc7 15. Re1
Na5 16. a4 Qxc3 17. Ba3 Nxb3 18. Bxb3 Qxb3 19. Bxe7 Rf4 20. Ra3 Qc4 21. Qd2 Re4
22. Rc1 Qa6 23. Rc7 Rxa4 24. Rac3 Ra1+ 25. Rc1 Qa4 26. Bf6 Bh6 27. Ng5 Bd7 28.
h3 Rc8 29. Kh2 Rxc1 30. Qxc1 Rxc7 31. Qxc7 Qc6 32. Qb8+ Bc8 33. Qxa7 Bf8 34. Qe3
Qc7 35. Qf3 h6 36. Qd3 hxg5 37. Qxg6+ Bg7 38. Qe8+ Kh7 39. Qh5+ Bh6 40. g4 d4
41. h4 gxh4 42. g5 Kg8 43. gxh6 Kh7 44. Qe8 Kxh6 45. Qg8 Qc1 46. Qg7+ Kh5 47.
Qf7+ Kh6 48. Be7 b5 49. Qf6+ Kh5 50. Qf3+ Kg6 51. Qe4+ Kh5 52. Qf3+ Kg6 53. Qg4+
Kf7 54. Bf6 Qh6 55. Qxd4 Kg6 56. Qd3+ Kh5 57. Qe2+ Kg6 58. Qc2+ Kh5 59. Qe2+ Kg6
60. Qe4+ Kf7 61. Qf3 Ke8 62. Kh3 Qh7 63. Kh2 Qf5 64. Qc6+ Bd7 65. Qc5 Qf4+ 66.
Kh3 Qf3+ 67. Kxh4 Qf4+ 68. Kh5 Qf3+ 69. Kh6 Qh3+ 70. Kg5 Qf5+ 71. Kh4 Qf4+ 72.
Kh3 Qf3+ 73. Kh2 Qf4+ 1/2-1/2

[Event "51st Groningen Open A 2013"]
[Site "Groningen NED"]
[Date "2013.12.29"]
[Round "8.16"]
[White "Garcia Palermo, Carlos"]
[Black "Olsarova, Tereza"]
[Result "1-0"]
[WhiteTitle "GM"]
[BlackTitle "WIM"]
[WhiteElo "2450"]
[BlackElo "2260"]
[WhiteFideId "110124"]
[BlackFideId "325449"]
[EventDate "2013.12.21"]

1. d4 d5 2. c4 c6 3. Nf3 Nf6 4. e3 Bf5 5. Nc3 e6 6. Nh4 Bg6 7. Nxg6 hxg6 8. Bd3
Nbd7 9. Bd2 Bd6 10. c5 Bc7 11. f4 Ba5 12. Nb1 Bc7 13. b4 Ne4 14. Bxe4 dxe4 15.
O-O Qh4 16. h3 Qg3 17. Nc3 Rxh3 18. Nxe4 Qh2+ 19. Kf2 f5 20. Qb3 O-O-O 21. Rh1
Qxh1 22. Rxh1 Rxh1 23. Ng3 Rh6 24. Qxe6 Kb8 25. Qf7 Nf6 26. Qxg7 Ng4+ 27. Kf3
Rdh8 28. e4 Nh2+ 29. Ke2 fxe4 30. Nxe4 Ng4 31. Qd7 Nh2 32. Nf6 Rd8 33. Qe7 Rhh8
34. Be3 a5 35. bxa5 Bxa5 36. d5 cxd5 37. c6 Bc7 38. Qb4 1-0

[Event "51st Groningen Open A 2013"]
[Site "Groningen NED"]
[Date "2013.12.29"]
[Round "8.17"]
[White "Efroimski, Marsel"]
[Black "Lobzhanidze, Davit"]
[Result "0-1"]
[WhiteTitle "WIM"]
[BlackTitle "IM"]
[WhiteElo "2307"]
[BlackElo "2445"]
[WhiteFideId "2810964"]
[BlackFideId "13600796"]
[EventDate "2013.12.21"]

1. e4 e5 2. Nf3 Nc6 3. Nc3 Nf6 4. Bb5 Bd6 5. O-O O-O 6. d3 h6 7. a3 Re8 8. Be3
a6 9. Bc4 Bf8 10. b4 d6 11. Nd5 Nxd5 12. Bxd5 Ne7 13. Bb3 Ng6 14. Nd2 Be6 15. c4
Be7 16. Re1 Bg5 17. Nf1 Bxe3 18. Rxe3 a5 19. b5 b6 20. Qd2 Qg5 21. Bd1 Nh4 22.
Rg3 Qxd2 23. Nxd2 Ng6 24. Bg4 Nf4 25. Bxe6 Ne2+ 26. Kf1 Nxg3+ 27. hxg3 fxe6 28.
Nb1 h5 29. Nc3 g5 30. Ke2 Kg7 31. Rd1 g4 32. d4 exd4 33. Rxd4 Rf8 34. Ke3 Rf7
35. Rd2 Kf6 36. Ne2 Rh8 37. Nf4 h4 38. c5 bxc5 39. b6 h3 40. gxh3 gxh3 41. bxc7
Rxc7 42. Rxd6 h2 43. Nd5+ Kf7 44. Nxc7 h1=Q 45. Nxe6 Ke7 46. Rb6 Rh6 0-1

[Event "51st Groningen Open A 2013"]
[Site "Groningen NED"]
[Date "2013.12.29"]
[Round "8.18"]
[White "Heemskerk, Wim"]
[Black "Goudriaan, Etienne"]
[Result "0-1"]
[WhiteTitle "FM"]
[BlackTitle "FM"]
[WhiteElo "2240"]
[BlackElo "2429"]
[WhiteFideId "1001000"]
[BlackFideId "1021150"]
[EventDate "2013.12.21"]

1. Nf3 Nf6 2. c4 c5 3. g3 b6 4. Bg2 Bb7 5. Nc3 e6 6. O-O a6 7. b3 d6 8. Bb2 Be7
9. d4 cxd4 10. Nxd4 Bxg2 11. Kxg2 Qc7 12. e3 Nbd7 13. f4 Rc8 14. Qf3 h5 15. Rad1
O-O 16. h3 Nc5 17. g4 Qb7 18. Qxb7 Nxb7 19. g5 Nd7 20. g6 Nbc5 21. gxf7+ Kxf7
22. b4 Nb7 23. f5 e5 24. Ne6 Rg8 25. Nd5 Rxc4 26. Kh1 Bf6 27. Rc1 Rgc8 28. Nec7
Rxc1 29. Rxc1 a5 30. a3 Bd8 31. Kg2 Bxc7 32. Nxc7 Nf6 33. Kf3 g5 34. fxg6+ Kxg6
35. e4 Nd8 36. Nb5 Rxc1 37. Bxc1 Nf7 38. bxa5 bxa5 39. Bd2 d5 40. exd5 Ng5+ 41.
Kg2 Nxd5 42. h4 Ne6 43. Bxa5 Kf5 44. Nd6+ Kg4 45. Be1 Nc5 46. Bf2 Na4 47. Bg3
Nf4+ 48. Kf2 Nb2 49. Bh2 Ng6 50. Ke3 Kh3 51. Bg1 Kg2 52. a4 Kxg1 53. a5 Na4 54.
a6 Nb6 55. Ne8 Nxh4 56. Nf6 Ng2+ 57. Ke4 h4 58. Ng4 h3 59. a7 Na8 60. Kf3 Nh4+
61. Kg3 Nf5+ 62. Kf3 Nh6 0-1

[Event "51st Groningen Open A 2013"]
[Site "Groningen NED"]
[Date "2013.12.29"]
[Round "8.19"]
[White "Struik, Tjapko"]
[Black "Willemze, Thomas"]
[Result "1/2-1/2"]
[BlackTitle "IM"]
[WhiteElo "2262"]
[BlackElo "2421"]
[WhiteFideId "1011243"]
[BlackFideId "1007238"]
[EventDate "2013.12.21"]

1. e4 c6 2. Nc3 d5 3. Nf3 Bg4 4. h3 Bxf3 5. Qxf3 Nf6 6. d3 e6 7. Bd2 Nbd7 8. g4
h6 9. h4 Qb6 10. O-O-O O-O-O 11. Bh3 dxe4 12. dxe4 Ne5 13. Qe2 g5 14. hxg5 hxg5
15. Bxg5 Rxd1+ 16. Rxd1 Bg7 17. Be3 Qa5 18. Bg2 Nfxg4 19. Bd2 Rd8 20. f4 Nf2 21.
fxe5 Nxd1 22. Qxd1 Qxe5 23. Qf1 Qg3 24. Bf4 Qh4 25. Be3 Bxc3 26. bxc3 Rg8 27.
Qxf7 Rxg2 28. Qxe6+ Kd8 29. Qd6+ Ke8 30. Qb8+ Kf7 31. Qxb7+ Kg8 32. Qc8+ Kh7 33.
Qf5+ Rg6 34. Bxa7 Qg5+ 35. Qxg5 Rxg5 36. Bd4 Ra5 37. Kb2 c5 38. Kb3 cxd4 39.
cxd4 Kg6 40. c4 Kf6 41. a4 Ke6 42. Kb4 Ra8 43. a5 Rb8+ 44. Kc5 Rc8+ 45. Kb5 Rb8+
46. Kc6 Rc8+ 47. Kb5 1/2-1/2